00981cam a2200241 a 450000100060000000300080000600500170001400800410003103500360007204000320010804100080014008200200014824502700016825000130043826000310045130000270048250000200050965000220052983000450055194200120059699900170060895201140062531433BD-RjUL20211209051712.0140415s1911 enk 001 0 eng d a(OCoLC)06125747a(BD-RjUL)31521 aITCcITCdYUSdBD-RjULbeng aeng a291.1bREL 191100aReligious systems of the world :ba contribution to the study of comparative religion, a collection of addresses delivered at South Place institute, now revised and in some cases rewritten by the authors, together with some others specially written for this volume. a10th ed. aLondon :bG. Allen,c1911. aviii, 824 p. ;c23 cm. aIncludes index. 0aReligions.995652 0aHalf guinea international library995654 2ddccBK c31433d31433 00102ddc4071aRUCLbRUCLcReadingd2014-04-15l0o291.1 REL 1911r2014-04-15 00:00:00tC-1w2014-04-15yBK